000 00498nam a2200193Ia 4500
005 20250522104240.0
008 008 250516s9999 xx 000 0 eng d
020 _a9781473215283
040 _aSDCL
_beng
_cSDCL
041 _aeng
_2eng
084 _aO-,3N75, R2 LR
_qSDCL
100 _aSanderson, Brandon
_9598858
245 4 _aThe Lost Metal
260 _aLondon:
_bHachette Book Publishing,
_c2022.
300 _axii,506
365 _aINR
_b699
650 _aReference
942 _cTEXL
999 _c1429684
_d1429684